00566nam a2200169 a 450000100100000000500170001000800410002704000250006808200180009310000350011124500620014626000640020830000280027250000380030065100390033865100190037700002175920200930011434.0100910s1990 cu a r 000 | spa d aDO-SdBNPbspacBNPHU a972.91bC957e1 aCruz, Manuel de la,d1861-189610aEpisodios de la revolución Cubana /cManuel de la Cruz. aLa Habana, (Cuba) :bEditorial de Ciencias Sociales,c1990. a166 p. :ail. ;c19 cm. aIncluye notas al pie de páginas 4aCubaxHistoriaxRevolución, 1933 4aCubaxHistoria